Quizlendrier de l'Avent #11 - Santa et Cie - Statistiques

Statistiques générales
  • Ce quiz a été pris 38 fois
  • Le résultat moyen est 9 sur 18
Statistiques - réponses
Informations Réponses % Correct
Couleur de ses vêtements (certainement pas rouge...!) Vert
91%
Acteur interprétant ce dernier, également réalisateur Alain Chabat
86%
Protagoniste Santa
83%
Célèbre site de e-commerce sur lequel elle est commandée Amazon
77%
Ville où l'amène malencontreusement un accident de traineau Paris
74%
Ce dont #1 a besoin pour guérir ses 92 000 lutins tombés malades Vitamine C/Prunes de Kakadu
74%
Accessoire emblématique du Père Noël où elle est par la suite rangée Hotte
66%
Année de sortie 2017
60%
Ce que doit faire #1 pour sortir de prison, référence à un célèbre jeu de société Un double aux dés
51%
Nom québécois {Noël} et Cie
46%
Profession exercée par Thomas, venant en aide à #1 avec sa famille Avocat
37%
Profession de Jay, son frère Magicien
31%
Actrice interprétant cette dernière Audrey Tautou
29%
David Marsais
26%
Comiques, connus pour leur Palmashow, jouant les deux policiers Grégoire Ludig
26%
Ville française où eut lieu l'avant-première du film, "clin d'œil animal" Rennes
26%
Femme de #1 Wanda
17%
Fillette de millionnaires russes qu'il fit disparaître dans #9 Tatyana
9%
Aucun quiz correspondant
Distribution des résultats
% des personnes avec chaque résultat
Percentile par nombre de réponses
Votre historique - résultats
Vous n’avez pas pris ce quiz